000 01036nam a2200325 i 4500
001 bg
003 BPK
005 20211203145731.0
008 990726s1999 pl a f f |000 0 pol
015 _aPB 1999/10538
020 _a8388007130
040 _aWA N
_cBPK
041 0 _apol
080 _a510.5
080 _a:519.85
080 _a004.021
080 _a(075.8)
100 1 _aKubale, Marek
_d(1946- )
_eAutor
245 1 0 _aŁagodne wprowadzenie do analizy algorytmów /
_cMarek Kubale.
260 _aGdańsk :
_bWydaw. Politechniki Gdańskiej,
_c1999.
300 _a100 s. :
_brys., 2 wykr. ;
_c24 cm.
504 _aBibliogr. s. 95.
650 4 _aProgramowanie (informatyka)
650 4 _aAlgorytmy
655 4 _aPodręczniki akademickie
658 _aInformatyka i technologie informacyjne
710 2 _aWydawnictwo Politechniki Gdańskiej
_4pbl.
856 _uhttp://koha.tu.koszalin.pl/cgi-bin/koha/opac-detail.pl?biblionumber=38434
_yKatalog online BPK
942 _2UKD
_cKS
999 _c38434
_d38434